000 00302nam a2200121Ia 4500
100 _a#N/A
942 _cBK
654 _afedora 10 ; red hat enterprise; linux bible; fedora DVD
245 _aFedora 10 & Red Hat Enterprise Linux Bible ; Fedora DVD
260 _b#N/A
546 _aENGLISH
999 _c29306
_d29306